| 000 | 00673nam a2200265Ia 4500 | ||
|---|---|---|---|
| 001 | 29812 | ||
| 005 | 20240114001149.0 | ||
| 007 | ta | ||
| 008 | 060705s g b000 u 346 u | ||
| 040 | _aCotton College,Assam | ||
| 041 | _a346 | ||
| 082 |
_a891.443 _bB 223 G |
||
| 100 | _aBandopadhya, Tarashankar. | ||
| 245 | 0 |
_aGanadevata / _cTarashankar Bandopadhya. _hTextual Documents |
|
| 250 | _a1st ed. / | ||
| 260 |
_aCalcutta : _bCalcutta Publishers , _cnd. |
||
| 300 |
_a327p. ; _c22cm. |
||
| 653 | _aBengali Fiction | ||
| 653 | _aG-Bengali | ||
| 942 |
_2ddc _cBK |
||
| 999 |
_c29794 _d29794 |
||